The Zondervan pictorial Bible dictionary / (Record no. 6666)
[ view plain ]
| 000 -LEADER | |
|---|---|
| fixed length control field | 01781cam a2200361Ia 4500 |
| 001 - CONTROL NUMBER | |
| control field | 241603 |
| 003 - CONTROL NUMBER IDENTIFIER | |
| control field | GBCCL |
| 005 - DATE AND TIME OF LATEST TRANSACTION | |
| control field | 20241126110608.0 |
| 008 - FIXED-LENGTH DATA ELEMENTS--GENERAL INFORMATION | |
| fixed length control field | 911205r19671963miuabf bd 000 0 eng d |
| 020 ## - INTERNATIONAL STANDARD BOOK NUMBER | |
| International Standard Book Number | 0310331609 : |
| Terms of availability | $85.00 |
| 020 ## - INTERNATIONAL STANDARD BOOK NUMBER | |
| International Standard Book Number | 9780310331605 |
| 020 ## - INTERNATIONAL STANDARD BOOK NUMBER | |
| International Standard Book Number | 031023560X |
| 035 ## - SYSTEM CONTROL NUMBER | |
| System control number | (OCoLC)ocm24896661 |
| 035 ## - SYSTEM CONTROL NUMBER | |
| System control number | (OCoLC)24896661 |
| 040 ## - CATALOGING SOURCE | |
| Original cataloging agency | SAP |
| Language of cataloging | eng |
| Transcribing agency | SAP |
| Modifying agency | OCLCQ |
| -- | OCLCG |
| -- | EYM |
| -- | OCLCA |
| -- | OCLCQ |
| -- | BGCBL |
| -- | OCLCQ |
| -- | LBB |
| 049 ## - | |
| -- | LBBT |
| 050 14 - | |
| -- | BS440 |
| -- | .Z6 |
| 082 04 - DEWEY DECIMAL CLASSIFICATION NUMBER | |
| Classification number | 220.3 |
| Item number | ZON |
| 090 ## - LOCALLY ASSIGNED LC-TYPE CALL NUMBER (OCLC); LOCAL CALL NUMBER (RLIN) | |
| Classification number (OCLC) (R) ; Classification number, CALL (RLIN) (NR) | BS440 |
| Local cutter number (OCLC) ; Book number/undivided call number, CALL (RLIN) | Z6 |
| 245 04 - TITLE STATEMENT | |
| Title | The Zondervan pictorial Bible dictionary / |
| Statement of responsibility, etc. | General editor, Merrill C. Tenney. Associate editor, Steven Barabas, ThD. Picture and layout editor, Peter deVesser ; with the assistance of sixty-five contributors, scholars and experts in various fields. |
| 246 3# - | |
| -- | Pictorial Bible dictionary |
| 260 ## - PUBLICATION, DISTRIBUTION, ETC. | |
| Place of publication, distribution, etc. | Grand Rapids, Mich. : |
| Name of publisher, distributor, etc. | Zondervan Pub. House : |
| -- | Regency Pub, |
| Date of publication, distribution, etc. | �1967. |
| 300 ## - PHYSICAL DESCRIPTION | |
| Extent | xiv, 916, [8] pages, [16] pages of plates : |
| Other physical details | illustrations, maps (some color) ; |
| Dimensions | 25 cm |
| 336 ## - CONTENT TYPE | |
| Content type term | text |
| Content type code | txt |
| Source | rdacontent |
| 337 ## - MEDIA TYPE | |
| Media type term | unmediated |
| Media type code | n |
| Source | rdamedia |
| 338 ## - CARRIER TYPE | |
| Carrier type term | volume |
| Carrier type code | nc |
| Source | rdacarrier |
| 504 ## - BIBLIOGRAPHY, ETC. NOTE | |
| Bibliography, etc. note | Includes bibliographical references. |
| 520 ## - SUMMARY, ETC. | |
| Summary, etc. | More than 5,000 entries inform on historical, geograaphical, chronological, and biographical aspects of the Bible, as well as articles on important theological subjects written by a team of 65 scholars and experts. Also includes over 700 pictures and nine pages of maps. |
| 630 00 - SUBJECT ADDED ENTRY--UNIFORM TITLE | |
| Uniform title | Bible |
| Form subdivision | Dictionaries. |
| 9 (RLIN) | 1814 |
| 700 1# - ADDED ENTRY--PERSONAL NAME | |
| Personal name | Tenney, Merrill C. |
| Fuller form of name | (Merrill Chapin), |
| Dates associated with a name | 1904-1985. |
| 9 (RLIN) | 4526 |
| 776 08 - ADDITIONAL PHYSICAL FORM ENTRY | |
| Relationship information | Online version: |
| Title | Zondervan pictorial Bible dictionary. |
| Edition | [25th ed.] |
| Place, publisher, and date of publication | Grand Rapids, Mich. : Zondervan Pub. House, 1981 printing, �1967 |
| Record control number | (OCoLC)607902743 |
| 942 ## - ADDED ENTRY ELEMENTS (KOHA) | |
| Source of classification or shelving scheme | Dewey Decimal Classification |
| Koha item type | Reference Books |
| Withdrawn status | Lost status | Source of classification or shelving scheme | Damaged status | Not for loan | Home library | Current Library | Shelving location | Date acquired | Total checkouts | Full call number | Barcode | Date last seen | Copy number | Price effective from | Koha item type |
|---|---|---|---|---|---|---|---|---|---|---|---|---|---|---|---|
| Dewey Decimal Classification | GRACE BIBLE COLLEGE | GRACE BIBLE COLLEGE | Dictionary | 2018-05-23 | 220.3 ZON | 001518 | 2025-05-01 | c.1 | 2018-05-23 | Reference Books | |||||
| Dewey Decimal Classification | GRACE BIBLE COLLEGE | GRACE BIBLE COLLEGE | Dictionary | 2018-05-24 | 220.3 ZON | 003115 | 2025-05-01 | c.2 | 2018-05-24 | Reference Books |